Visualizzazione normale
Vista MARC
- Depeche Mode
di Personal Name
Records bibliografici associati: 1
001 - CONTROL NUMBER
- control field: 5603
003 - CONTROL NUMBER IDENTIFIER
- control field: IT-RoPau
005 - DATE AND TIME OF LATEST TRANSACTION
- control field: 20131216163626.0
008 - FIXED-LENGTH DATA ELEMENTS
- fixed length control field: 131216|| aca||aabn | a|a d
040 ## - CATALOGING SOURCE
- Original cataloging agency: IT-RoPau
- Transcribing agency: IT-RoPau
100 ## - HEADING--PERSONAL NAME
- Personal name: Depeche Mode
- Miscellaneous information: Codice interprete SPICS: 1252
- Relator term: Interprete
670 ## - SOURCE DATA FOUND
- Source citation: Work cat.: (IT-RoPau)101493: Depeche Mode 5599, Construction Time Again